00516nam a22001697a 450000500170000001000150001702000270003203500130005903700130007208200170008510000230010224500620012526000340018727000580022130000480027950000190032720160801130247.0 aENG-115598 a9789385285295c1500.00 aEN-99130 bDBAD/PUB a791.43028092 aChaudhuri,Sarit K.00aAbhishek Bahchan Style & Substance /cby Pradeep Chandra aNew DelhibNiyogi Booksc2016 aD-78,Okhla Industrial Area Phase-IbNew Delhie110020 a180,pages :billustrations (colour) ;c26cm aIncludes index